Geography Quiz

Random Geography or World Quiz

Country-US State Mash-Ups Quiz Stats

 Plays Quiz Updated Jul 23, 2018

Challenge
Share
Tweet
Score 0/26 Timer 03:00
3 Plays Today
% Correct
Indindiana
83.7%
Brazillinois
81.7%
Haitexas
81.2%
Ecuadorida
80.6%
Malifornia
77.4%
Pakisconsin
75.4%
Nepalaska
75%
South Korearolina
74.3%
Madagascaryland
73.8%
Swedelaware
72.8%
Georgia!
70.9%
Morocconnecticut
69.5%
Hondurashington
68.9%
% Correct
Paraguayoming
67.8%
Malawiowa
67.7%
Yemensylvania
66.3%
Omaine
64.1%
Micronebraska
62.9%
Togohio
61.9%
Nigermont
61.6%
Papua New Jersey
59.8%
Vanuatutah
59.8%
Tajikissippi
58%
Zimbabwest Virginia
56.6%
Kyrgyzstansas
53.8%
Timoregon
48.8%

You're not logged in!

Compare scores with friends on all Sporcle quizzes.
OR
Log In

You Might Also Like...

Show Comments

Extras

Top Quizzes Today


Score Distribution

Your Account Isn't Verified!

In order to create a playlist on Sporcle, you need to verify the email address you used during registration. Go to your Sporcle Settings to finish the process.

Report this User

Report this user for behavior that violates our Community Guidelines.

Details: